Dünyanın Enleri - Statistics

General Stats
  • This quiz has been taken 22 times
  • The average score is 24 of 33
Answer Stats
Hint Answer % Correct
Dünyanın En Hızlı Araba Markası Bugatti (530 km/s)
100%
Dünyanın En Çok İzlenen Spor Dalı Futbol (4 milyar taraftar)
100%
Dünyanın En Büyük Ülkesi Rusya (17,1 milyon km²)
100%
Dünyanın En Yüksek Dağı Everest Dağı (8849 metre)
95%
Dünyanın En Kalabalık Ülkesi Hindistan (1,47 milyar kişi)
95%
Dünyanın En Çok Kullanılan Para Birimi Amerikan Doları (%89,2 kullanım)
89%
Dünyanın En Zengin İnsanı Elon Musk (809,9 milyar $)
89%
Dünyanın En Çok Konuşulan Dili İngilizce (1,43 milyar kişi)
89%
Dünyanın En Çok Çay Tüketen Ülkesi Türkiye (3,16 kg kişi başı-yıllık)
89%
Dünyanın En Çok Gol Atan Futbolcusu Cristiano Ronaldo (961 Gol)
84%
Dünyanın En Çok Konuşulan Ana Dili Mandarin Çincesi (950 milyon kişi)
84%
Dünyanın En Ağır Canlısı Mavi Balina (200 ton)
84%
Dünyanın En Uzun Nehri Nil Nehri (6,650 kilometre)
84%
Dünyanın En Büyük Okyanusu Pasifik Okyanusu (172 milyon km²)
84%
Dünyanın En Pahalı Markası Apple (3,66 trilyon $)
79%
Dünyanın En Pahalı Milli Takımı İngiltere (1,32 milyar €)
79%
Dünyanın En Pahalı Fast Food Markası McDonald's (42,6 milyar $)
79%
Dünyanın En Çok Abonesi Olan Youtuber MrBeast (470 milyon abone)
79%
Dünyanın En Değerli Futbol Takımı Real Madrid (1,34 milyar €)
74%
Dünyanın En Çok Turist Çeken Ülkesi Fransa (102 milyon turist)
68%
Dünyanın En Küçük Ülkesi Vatikan (0,44 km²)
68%
Dünyanın En Derin Noktası Mariana Çukuru (11.034 metre)
63%
Dünyanın En Büyük Çölü Sahra Çölü (9,2 milyon km²)
63%
Dünyanın En Kalabalık Şehri Tokyo (37,5 milyon kişi)
63%
Dünyanın En Çok Satılan Oyunu Minecraft (300 milyon satış)
58%
Dünyanın En Büyük Adası Grönland (2,17 milyon km²)
53%
Dünyanın En Değerli Parası Kuveyt Dinarı (190 ülkeden değerli)
53%
Dünyanın En Pahalı Araba Markası Rolls-Royce (32 milyon $)
53%
Dünyanın En Büyük Yılanı Yeşil Anakonda (9 metre)
47%
Dünyanın En Pahalı Teknoloji Şirketi NVIDIA (4,2 trilyon $)
42%
Dünyanın En Büyük Yözlçümlü İmparatorluğu Britanya İmparatorluğu (33,7 milyon km²)
37%
Dünyanın En Çok İzlenen Dizisi Squid Game (265 milyon izlenme)
37%
Dünyanın En Çok Adası Olan Ülkesi İsveç (267,570 ada)
26%
No matching quizzes found
Score Distribution
Percent of People with Each Score
Percentile by Number Answered
Your Score History
You have not taken this quiz